|
|
|
|
| LEADER |
03380nam a2200421 a 4500 |
| 001 |
37197 |
| 003 |
BD-DhAAL |
| 005 |
20211114154424.0 |
| 008 |
210107b cau||||| |||| 001 0 eng d |
| 999 |
|
|
|c 42224
|d 42224
|
| 020 |
|
|
|a 9780135937822
|
| 020 |
|
|
|a 0135937825
|
| 040 |
|
|
|a BD-DhAAL
|
| 082 |
|
|
|a 004.68
|2 22
|
| 100 |
|
|
|a Empson, Scott
|9 40639
|
| 245 |
|
|
|a CCNA 200-301 portable command guide /
|c Scott Empson.
|
| 250 |
|
|
|a Fifth edition
|
| 260 |
|
|
|a San Jose, CA :
|b Cisco Press,
|c c2020.
|
| 300 |
|
|
|a xxiii, 296 :
|b illustrations ;
|c 23 cm.
|
| 500 |
|
|
|a Includes index
|
| 526 |
|
|
|a CSE
|
| 541 |
|
|
|a Development Book Agency
|e 37197, 37198, 37199, 37200, 37201, 37202, 37203, 37204, 37205, 37206
|
| 650 |
|
|
|a Computer networks
|x Management
|x Examinations
|v Study guides.
|9 40640
|
| 650 |
|
|
|a Computer security
|x Examination
|v Study guides.
|9 40641
|
| 650 |
|
|
|a Electronic data processing personnel
|x Certification.
|9 40642
|
| 650 |
|
|
|a Computer science.
|9 42600
|
| 852 |
|
|
|a Ayesha Abed Library
|c General Stacks
|
| 942 |
|
|
|2 ddc
|c BK
|
| 952 |
|
|
|0 0
|1 0
|2 ddc
|4 0
|6 004_680000000000000_EMP
|7 0
|9 68155
|a BRACUL
|b BRACUL
|c GEN
|d 2020-03-12
|e Development Book Agency
|g 5400.00
|l 4
|m 31
|o 004.68 EMP
|p 3010037203
|r 2025-10-15
|s 2025-09-20
|t 7
|v 5400.00
|w 2020-03-12
|y BK
|x Received During Pandemic
|
| 952 |
|
|
|0 0
|1 0
|2 ddc
|4 0
|6 004_680000000000000_EMP
|7 0
|9 68156
|a BRACUL
|b BRACUL
|c GEN
|d 2020-03-12
|e Development Book Agency
|g 5400.00
|l 0
|o 004.68 EMP
|p 3010037205
|r 2020-03-12
|t 9
|v 5400.00
|w 2020-03-12
|y BK
|x Received During Pandemic
|
| 952 |
|
|
|0 0
|1 0
|2 ddc
|4 0
|6 004_680000000000000_EMP
|7 0
|9 68157
|a BRACUL
|b BRACUL
|c GEN
|d 2020-03-12
|e Development Book Agency
|g 5400.00
|l 1
|m 20
|o 004.68 EMP
|p 3010037198
|r 2024-06-10
|s 2024-01-17
|t 2
|v 5400.00
|w 2020-03-12
|y BK
|x Received During Pandemic
|
| 952 |
|
|
|0 0
|1 0
|2 ddc
|4 0
|6 004_680000000000000_EMP
|7 0
|9 68158
|a BRACUL
|b BRACUL
|c GEN
|d 2020-03-12
|e Development Book Agency
|g 5400.00
|l 0
|o 004.68 EMP
|p 3010037199
|r 2020-03-12
|t 3
|v 5400.00
|w 2020-03-12
|y BK
|x Received During Pandemic
|
| 952 |
|
|
|0 0
|1 0
|2 ddc
|4 0
|6 004_680000000000000_EMP
|7 0
|9 68159
|a BRACUL
|b BRACUL
|c GEN
|d 2020-03-12
|e Development Book Agency
|g 5400.00
|l 1
|o 004.68 EMP
|p 3010037201
|r 2024-01-24
|s 2024-01-22
|t 5
|v 5400.00
|w 2020-03-12
|y BK
|x Received During Pandemic
|
| 952 |
|
|
|0 0
|1 0
|2 ddc
|4 0
|6 004_680000000000000_EMP
|7 0
|9 68160
|a BRACUL
|b BRACUL
|c GEN
|d 2020-03-12
|e Development Book Agency
|g 5400.00
|l 1
|m 10
|o 004.68 EMP
|p 3010037202
|r 2024-11-02
|s 2024-06-08
|t 6
|v 5400.00
|w 2020-03-12
|y BK
|x Development Book Agency
|
| 952 |
|
|
|0 0
|1 0
|2 ddc
|4 0
|6 004_680000000000000_EMP
|7 0
|9 68161
|a BRACUL
|b BRACUL
|c GEN
|d 2020-03-12
|e Development Book Agency
|g 5400.00
|l 1
|m 2
|o 004.68 EMP
|p 3010037206
|r 2023-04-30
|s 2023-04-11
|t 10
|v 5400.00
|w 2020-03-12
|y BK
|x Received During Pandemic
|
| 952 |
|
|
|0 0
|1 0
|2 ddc
|4 0
|6 004_680000000000000_EMP
|7 0
|9 68162
|a BRACUL
|b BRACUL
|c GEN
|d 2020-03-12
|e Development Book Agency
|g 5400.00
|l 1
|m 4
|o 004.68 EMP
|p 3010037204
|r 2024-02-12
|s 2024-01-21
|t 8
|v 5400.00
|w 2020-03-12
|y BK
|x Received During Pandemic
|
| 952 |
|
|
|0 0
|1 0
|2 ddc
|4 0
|6 004_680000000000000_EMP
|7 0
|9 68163
|a BRACUL
|b BRACUL
|c GEN
|d 2020-03-12
|e Development Book Agency
|g 5400.00
|l 5
|m 15
|o 004.68 EMP
|p 3010037197
|r 2024-10-28
|s 2024-09-02
|t 1
|v 5400.00
|w 2020-03-12
|y BK
|x Received During Pandemic
|
| 952 |
|
|
|0 0
|1 0
|2 ddc
|4 0
|6 004_680000000000000_EMP
|7 0
|9 68164
|a BRACUL
|b BRACUL
|c GEN
|d 2020-03-12
|e Development Book Agency
|g 5400.00
|l 0
|o 004.68 EMP
|p 3010037200
|r 2020-03-12
|t 4
|v 5400.00
|w 2020-03-12
|y BK
|x Received During Pandemic
|